| 000 | 01025nab a22001937a 4500 | ||
|---|---|---|---|
| 999 |
_c6261 _d6261 |
||
| 003 | OSt | ||
| 005 | 20260128012438.0 | ||
| 008 | 190514b xxu||||| |||| 00| 0 spa d | ||
| 040 | _cPJ | ||
| 100 |
_96970 _aSegade, Andrés |
||
| 245 | 1 | 0 |
_aEl PAE, una política focalizada para adolescentes y jóvenes sin cuidados parentales / _cAndrés Segade. |
| 300 | _ap. 115-126 | ||
| 500 | _aCita: TR LALEY AR/DOC/2499/2025. | ||
| 505 | _aSumario: I. Introducción.— II. La ley 27.364.— III. Breve recorrido histórico. De la sanción a la actualidad.— IV. Las dos reglamentaciones.— V. Dec. 1050/2018.— VI. Segunda reglamentación del PAE. Dec. 732/2023.— VII. Algunas reflexiones sobre la implementación del PAE.— VIII. Conclusión, deudas y desafíos. | ||
| 505 | _tSi te interesa el texto, comunicate a koha@justierradelfuego.gov.ar | ||
| 650 | 0 |
_9967 _aDERECHO DE FAMILIA |
|
| 773 | 0 |
_02844 _93222 _dBuenos Aires : AbeledoPerrot, 1989- _tDerecho de familia. N° 122 - Noviembre 2025 _z18511201 |
|
| 942 |
_2udc _cANA |
||